00467 2200193 4500001002100000005001500021007000300036008004100039035002000080082000800100084001400108100000800122245005000130260002600180300001600206650001400222856002100236990001600257INLIS00000000000814620260123085823ta260123 0 ind  a0010-0126000143 a658 a658 OJK l0 aOJK1 aLAPORAN RISET BERSAMA OJK, BI, dan LPS /cOJK aJakarta :bOJK,c2022 a212 ;c25cm 4amanajemen aALUMNI MANAJEMEN a00000013739